00326nam a2200097Ia 4500082002100000100003300021245007100054260006000125300001400185500002900199 aRR 016.30926 BIB aSchatzberg, Michael G. comp. 0aBibliography of small urban centers in rural development in Africa aMadisonbAfrican Studies program, University of Wc1979 aix, 246p. aAuthor Index : 167-246p.